000 00469nam a22001697a 4500
003 OSt
005 20251009013607.0
008 251009b |||||||| |||| 00| 0 eng d
020 _a978-0-7434-9192-1
040 _aDWC-Main lib.
_cOC
082 _aFic. G786a 2008
100 _aThomas Greanias
245 _aThe Atlantis prophecy/
_cThomas Greanias
260 _aNew York :
_bPocket Star Books,
_c c2008.
300 _a362 pages ;
_c18 cm.
942 _2ddc
_cFIC.
_kFic.
_n0
999 _c4733
_d4733